000 00330nam a2200133Ia 4500
008 220216s9999 xx 000 0 und d
100 _aWatts J T
245 0 _aAccelerators and colours in sponge rubber
260 _bIRI Transactions
_c1942
300 _a67-74
650 _aAccelerator
650 _aSponge rubber
942 _cJS
999 _c53736
_d53736